📖150 premiers mots "Une si belle image" #1 (prĂ©face) Katherine Pancol - Statistiques

Statistiques générales
  • Ce quiz a Ă©tĂ© pris 6 fois
  • Le rĂ©sultat moyen est 78 sur 150
Statistiques - réponses
Mots % Correct
Ă 
100%
Chanel
100%
d'
100%
Dallas,
100%
elle
100%
elle,
100%
Elm
100%
et
100%
Jacqueline
100%
John
100%
l'
100%
n'
100%
s'
100%
Street
100%
Street,
100%
un
100%
une
100%
Bouvier
80%
Ce
80%
"ce
80%
ce
80%
de
80%
était
80%
Fitzgerald
80%
ils
80%
Kennedy
80%
Le
80%
le
80%
pour
80%
qu'
80%
se
80%
avaient
60%
avait
60%
du
60%
fait".
60%
Houston
60%
jour
60%
la
60%
les
60%
ne
60%
oĂč
60%
pas
60%
que
60%
son
60%
au
40%
des
40%
faire
40%
fut
40%
fût
40%
idée :
40%
leur
40%
mari
40%
Président.
40%
sans
40%
toutes
40%
1963,
20%
25
20%
allait,
20%
angle
20%
arrĂȘtĂ©
20%
effacer
20%
Etat,
20%
mémoire
20%
novembre
20%
Quelle
20%
rose,
20%
sur
20%
tailleur
20%
tĂȘte
20%
veuve
20%
assassins,
0%
brusquement
0%
charger
0%
chefs
0%
couronnées
0%
cours
0%
crime
0%
Depuis
0%
destin
0%
devant
0%
élevée
0%
ensanglantée
0%
entiĂšre
0%
entrer ...
0%
Histoire
0%
horrible
0%
identité
0%
instant
0%
millions
0%
montrer
0%
mythe.
0%
nationalités,
0%
oublier
0%
pardon
0%
parterre
0%
personnalités
0%
poste,
0%
poursuivre
0%
puisque
0%
pût
0%
rang
0%
reçu
0%
rivés
0%
téléspectateurs
0%
terre
0%
terrible
0%
tĂȘtes
0%
universelle ;
0%
voulait
0%
Aucun quiz correspondant
Distribution des résultats
% des personnes avec chaque résultat
Percentile par nombre de réponses
Votre historique - résultats
Vous n’avez pas pris ce quiz